US States with Gray Wolves Quiz Stats

Quiz Updated Apr 13, 2016

Challenge
Share
Tweet
Embed
Score 0/11 Timer 02:00
1 Play Today
# of Wolves State % Correct
68Washington
94.3%
554Montana
93.2%
77Oregon
90.2%
770Idaho
89.5%
333Wyoming
88.5%
7,700 - 11,200Alaska
88.4%
2,221Minnesota
85.4%
639Michigan
83.7%
746Wisconsin
80.6%
50Arizona
53.8%
47New Mexico
52.5%

You're not logged in!

Compare scores with friends on all Sporcle quizzes.
Sign Up with Email
OR
Log In

You Might Also Like...

Show Comments

Extras

Top Quizzes Today


Score Distribution

Your Account Isn't Verified!

In order to create a playlist on Sporcle, you need to verify the email address you used during registration. Go to your Sporcle Settings to finish the process.